Attractions de Disneyland Paris donnés par le public - Statistiques

Statistiques générales
  • Ce quiz a été pris 305 fois
  • Le résultat moyen est 17 sur 36
Statistiques - réponses
Land Attractions % Correct
Frontierland Le Train De La Mine
80%
Discoveryland Space mountain
80%
Discoveryland Buzz l'éclair
75%
Fantasyland Peter Pan
73%
Adventureland Pirates
70%
Fantasyland Blanche-Neige
69%
Adventureland Indiana Jones
68%
Toon Studio Nemo
65%
Discoveryland Star Wars
65%
Fantasyland Pinocchio
62%
Toon Studio Cars
61%
Frontierland La Maison Hantée
61%
Worlds Of Pixar Ratatouille
59%
Production Courtyard La Tour De La Terreur
58%
Fantasyland Les Tasses
58%
Fantasyland Dumbo
55%
Worlds Of Pixar La voiture
50%
Worlds Of Pixar Zigzag
50%
Worlds Of Pixar Les Parachutes
49%
Discoveryland Les Voitures
45%
Frontierland Le Bateau
44%
Fantasyland La Maison des Poupées
40%
Fantasyland Le petit train
40%
Adventureland Aladdin
39%
Avengers Campus WEB
39%
Fantasyland Le château
37%
Adventureland La Cabane
35%
Avengers Campus Flight
34%
Discoveryland Le Nautilus
33%
Toon Studio Les tapis Volants
32%
Fantasyland Labyrinthe
31%
Fantasyland Le dragon
24%
Fantasyland Le Carousel
20%
Discoveryland Les Vaisseaux
13%
Fantasyland Les barques
6%
Worlds Of Pixar Cars nul
4%
Aucun quiz correspondant
Distribution des résultats
% des personnes avec chaque résultat
Percentile par nombre de réponses
Votre historique - résultats
Vous n’avez pas pris ce quiz